[Event "Aeroflot Open 2016 B"]
[Site "Moscu RUS"]
[Date "2016.03.06"]
[Round "6.9"]
[White "Demidov, Mikhail"]
[Black "Dvalishvili, Pavel S"]
[Result "1-0"]
[WhiteElo "2490"]
[BlackElo "2442"]
[PlyCount "227"]
[EventDate "2016.03.01"]
[EventType "swiss"]
[EventRounds "9"]
[EventCountry "RUS"]
[Source "lmi"]
[SourceDate "2016.03.01"]

1. d4 Nf6 2. Nf3 e6 3. e3 b6 4. c4 Bb7 5. Bd3 d5 6. Nc3 Bd6 7. cxd5 exd5 8.
Qa4+ c6 9. O-O O-O 10. e4 dxe4 11. Nxe4 Nxe4 12. Bxe4 Re8 13. Re1 Nd7 14. Bd2
Qc7 15. Rac1 Rac8 16. d5 c5 17. Bf5 Rxe1+ 18. Rxe1 Rd8 19. Bg5 f6 20. Be6+ Kh8
21. Bxd7 Bxd5 22. Bf5 fxg5 23. Nxg5 Rf8 24. Be6 Qe7 25. h4 h6 26. Qd1 Qf6 27.
Re2 hxg5 28. Qxd5 Bg3 29. Qf3 Qxf3 30. gxf3 Bf4 31. hxg5 Bxg5 32. Bd5 g6 33.
Re6 Kg7 34. b3 Rd8 35. Be4 Bf6 36. Rc6 Rd7 37. Kg2 Re7 38. Rd6 Rc7 39. Bd3 Re7
40. a4 Re8 41. Rc6 Re7 42. Kg3 Rd7 43. Be4 Re7 44. Kg4 Re8 45. Bd3 Re1 46. f4
Re7 47. Rd6 Re8 48. Rc6 Re1 49. Rc7+ Re7 50. Rc8 Re1 51. Ra8 Re7 52. Rc8 Re1
53. Bc4 Re4 54. f3 Re1 55. Ra8 Re7 56. Rg8+ Kh7 57. Ra8 Kg7 58. f5 gxf5+ 59.
Kxf5 Re5+ 60. Kg4 Re7 61. f4 Bc3 62. Kf5 Bd4 63. Rg8+ Kh7 64. Rg2 Re8 65. Bf7
Re3 66. Bg8+ Kh8 67. Bc4 Kh7 68. Rg8 Re7 69. Ra8 Kg7 70. Be6 Kh7 71. Rc8 Kg7
72. Rg8+ Kh7 73. Rg3 Re8 74. Bf7 Re7 75. Bg8+ Kh8 76. Bc4 Kh7 77. Rg6 Kh8 78.
Rc6 Kg7 79. Kg5 Rd7 80. Rg6+ Kf8 81. Rg8+ Ke7 82. f5 Bf6+ 83. Kf4 Rd8 84. Rg2
Rd4+ 85. Ke3 Rh4 86. Kf3 Be5 87. Rg6 Bf6 88. Kg3 Rd4 89. Rh6 a5 90. Kf3 Rh4 91.
Rg6 Rh8 92. Ke4 Rd8 93. Bd5 Rh8 94. Bg8 Rh3 95. Be6 Bd4 96. Bc4 Bf6 97. Kd5 Rf3
98. Ke4 Rh3 99. Rg2 Kd6 100. Rd2+ Bd4 101. f6 Re3+ 102. Kf4 Rh3 103. f7 Rh8
104. Re2 Bg7 105. Re6+ Kd7 106. Rxb6 Bc3 107. Rg6 Rf8 108. Kf5 Ke7 109. Rg4 Rd8
110. Re4+ Kf8 111. Kg6 Rd6+ 112. Kh7 Rd8 113. Re6 Bd4 114. Kg6 1-0

[Event "Aeroflot Open 2016 B"]
[Site "Moscu RUS"]
[Date "2016.03.06"]
[Round "6.10"]
[White "Potapov, Pavel"]
[Black "Iljin, Timofey"]
[Result "1/2-1/2"]
[WhiteElo "2486"]
[BlackElo "2330"]
[PlyCount "38"]
[EventDate "2016.03.01"]
[EventType "swiss"]
[EventRounds "9"]
[EventCountry "RUS"]
[Source "lmi"]
[SourceDate "2016.03.01"]

1. e4 c5 2. c3 Nf6 3. e5 Nd5 4. Bc4 Nb6 5. Bb3 c4 6. Bc2 Nc6 7. Nf3 d6 8. exd6
e5 9. O-O Be6 10. Re1 Bxd6 11. d4 cxd3 12. Qxd3 Bc7 13. Qe2 h6 14. Na3 O-O 15.
Be3 Nd7 16. Bb3 Qe7 17. Nb5 Bb8 18. Rad1 a6 19. Na3 b5 1/2-1/2

[Event "Aeroflot Open 2016 B"]
[Site "Moscu RUS"]
[Date "2016.03.06"]
[Round "6.12"]
[White "Chigaev, Maksim"]
[Black "Tsydypov, Zhamsaran"]
[Result "1-0"]
[WhiteElo "2543"]
[BlackElo "2425"]
[PlyCount "117"]
[EventDate "2016.03.01"]
[EventType "swiss"]
[EventRounds "9"]
[EventCountry "RUS"]
[Source "lmi"]
[SourceDate "2016.03.01"]

1. e4 e5 2. Nf3 Nc6 3. Nc3 Nf6 4. d4 exd4 5. Nxd4 Bb4 6. Nxc6 bxc6 7. Bd3 O-O
8. O-O d5 9. exd5 cxd5 10. h3 c6 11. Qf3 Be6 12. Bf4 Bd6 13. b3 Re8 14. Rad1
Qc7 15. Ne2 a5 16. Qg3 Rad8 17. Rfe1 Bc8 18. Bxd6 Qxd6 19. Qxd6 Rxd6 20. c4
Rde6 21. Kf1 Bd7 22. cxd5 Nxd5 23. Bc4 Re5 24. Bxd5 cxd5 25. Nd4 f6 26. Rc1
Rxe1+ 27. Rxe1 Rc8 28. Ke2 a4 29. Kd2 axb3 30. axb3 Kf7 31. Ra1 Ke7 32. Ra6 g5
33. Nc2 h5 34. Nb4 Rc5 35. Rb6 d4 36. Kd3 Rf5 37. f3 g4 38. hxg4 hxg4 39. Ke4
g3 40. Nc6+ Bxc6+ 41. Kxf5 d3 42. Ra6 Bd5 43. Ra4 Bxb3 44. Rd4 Bd1 45. Kf4 Be2
46. Kxg3 Ke6 47. Kf4 Bf1 48. g4 Be2 49. Ke4 Bf1 50. Rxd3 Bxd3+ 51. Kxd3 Kd5 52.
f4 Ke6 53. Kc4 Kd6 54. Kd4 Ke6 55. Kc5 Kf7 56. Kd5 Ke7 57. Kc6 Ke6 58. f5+ Ke7
59. Kc7 1-0

[Event "Aeroflot Open 2016 B"]
[Site "Moscu RUS"]
[Date "2016.03.06"]
[Round "6.13"]
[White "Wang, Chen"]
[Black "Sychev, Klementy"]
[Result "1/2-1/2"]
[WhiteElo "2526"]
[BlackElo "2424"]
[PlyCount "79"]
[EventDate "2016.03.01"]
[EventType "swiss"]
[EventRounds "9"]
[EventCountry "RUS"]
[Source "lmi"]
[SourceDate "2016.03.01"]

1. e4 e5 2. Nf3 Nc6 3. Bc4 Nf6 4. d3 Be7 5. O-O O-O 6. c3 d6 7. Bb3 Na5 8. Bc2
c5 9. Re1 Nc6 10. Nbd2 Be6 11. Nf1 Qc7 12. Bb3 Rad8 13. Bg5 d5 14. Qe2 d4 15.
Bxf6 Bxf6 16. Bxe6 fxe6 17. c4 g6 18. a3 a5 19. Qd1 Ra8 20. Re2 Ra6 21. Rc2 Qg7
22. g3 Be7 23. Kg2 Rf7 24. Ng1 Rb6 25. Qe2 Ra6 26. h3 Kf8 27. Nh2 Ke8 28. Rf1
g5 29. Qh5 Kd7 30. Ng4 Ra8 31. Nf3 Raf8 32. Nd2 Kc7 33. Rcc1 Kd7 34. Rh1 Kc7
35. Kf1 Nb8 36. Ke2 Nd7 37. Rcf1 Nf6 38. Nxf6 Rxf6 39. Ke1 Qg6 40. Qxg6 1/2-1/2

[Event "Aeroflot Open 2016 B"]
[Site "Moscu RUS"]
[Date "2016.03.06"]
[Round "6.14"]
[White "Iljiushenok, Ilia"]
[Black "Dai, Changren"]
[Result "1-0"]
[WhiteElo "2479"]
[BlackElo "2353"]
[PlyCount "77"]
[EventDate "2016.03.01"]
[EventType "swiss"]
[EventRounds "9"]
[EventCountry "RUS"]
[Source "lmi"]
[SourceDate "2016.03.01"]

1. d4 Nf6 2. c4 g6 3. f3 Bg7 4. e4 d6 5. Nc3 O-O 6. Be3 e5 7. d5 c6 8. Qd2 cxd5
9. cxd5 a6 10. O-O-O b5 11. Kb1 Nbd7 12. Rc1 Nb6 13. g4 Bd7 14. h4 h5 15. Bg5
b4 16. Nce2 hxg4 17. Ng3 Rc8 18. Rxc8 Qxc8 19. h5 Nxh5 20. Nxh5 gxh5 21. Bh6 f6
22. Rxh5 Qe8 23. Rh2 Qg6 24. Be3 Nc8 25. fxg4 Bxg4 26. Rg2 f5 27. Be2 Qh5 28.
Bxg4 fxg4 29. Qd1 Ne7 30. Qxg4 Qxg4 31. Rxg4 Rf1+ 32. Kc2 Kf7 33. Rg3 Ra1 34.
Kb3 Bf6 35. Nf3 Ng6 36. Rg1 Rxg1 37. Bxg1 a5 38. Bb6 Nf4 39. Bxa5 1-0

[Event "Aeroflot Open 2016 B"]
[Site "Moscu RUS"]
[Date "2016.03.06"]
[Round "6.15"]
[White "Ulko, Jaroslav"]
[Black "Gurvich, Vitaly"]
[Result "0-1"]
[WhiteElo "2452"]
[BlackElo "2338"]
[PlyCount "120"]
[EventDate "2016.03.01"]
[EventType "swiss"]
[EventRounds "9"]
[EventCountry "RUS"]
[Source "lmi"]
[SourceDate "2016.03.01"]

1. Nf3 Nf6 2. c4 e6 3. b3 d5 4. e3 Be7 5. Bb2 O-O 6. Nc3 b6 7. cxd5 exd5 8. Be2
Bb7 9. O-O Nbd7 10. Qc2 a6 11. Rac1 Bd6 12. Nd4 g6 13. Nb1 c5 14. Nf3 Rc8 15.
Qd1 b5 16. a4 bxa4 17. bxa4 Qe7 18. d3 Rfe8 19. Nbd2 Bc6 20. h3 Nb6 21. a5 Nbd7
22. Re1 Rb8 23. Qc2 Qd8 24. Bc3 Bb5 25. Bf1 Bc7 26. Qa2 Rc8 27. Qa1 d4 28. exd4
Rxe1 29. Rxe1 Nd5 30. Nc4 Bxc4 31. dxc4 Nxc3 32. Qxc3 Bxa5 33. Qa1 Bxe1 34.
Qxe1 cxd4 35. Nxd4 Nc5 36. Qe5 Qe8 37. Qd5 Ne6 38. Nf3 Rc5 39. Qd6 Qc6 40. Qb8+
Qc8 41. Qb2 Qc7 42. Nd2 Re5 43. Nf3 Ra5 44. h4 Qd6 45. g3 Rc5 46. Qa1 h5 47.
Qa4 Rc7 48. Qa5 Rb7 49. Qa1 Rb3 50. Bg2 Qb6 51. Qf6 Rb1+ 52. Bf1 Qd8 53. Qc3
Qd1 54. Nd2 Rc1 55. Qb2 Qc2 56. Qb8+ Kh7 57. Qb4 Qc3 58. Qd6 Rd1 59. Ne4 Qe1
60. Nf6+ Kh6 0-1

[Event "Aeroflot Open 2016 B"]
[Site "Moscu RUS"]
[Date "2016.03.06"]
[Round "6.16"]
[White "Wang, Jue"]
[Black "Girya, Olga"]
[Result "1/2-1/2"]
[WhiteElo "2369"]
[BlackElo "2452"]
[PlyCount "132"]
[EventDate "2016.03.01"]
[EventType "swiss"]
[EventRounds "9"]
[EventCountry "RUS"]
[Source "lmi"]
[SourceDate "2016.03.01"]

1. e4 c6 2. d4 d5 3. e5 Bf5 4. Nf3 e6 5. Be2 Ne7 6. O-O Bg6 7. Nbd2 c5 8. c4
cxd4 9. Nxd4 Nec6 10. N2f3 dxc4 11. Bxc4 Be7 12. Be3 O-O 13. Qa4 Qa5 14. Qxa5
Nxa5 15. Be2 Nac6 16. Rac1 a6 17. Rfd1 Rd8 18. Nxc6 Nxc6 19. Bb6 Rxd1+ 20. Rxd1
Be4 21. Rd7 Kf8 22. Kf1 Rb8 23. Rd1 Bd5 24. a3 Ke8 25. Nd4 Rc8 26. Rc1 Kd7 27.
Nxc6 Rxc6 28. Be3 Rxc1+ 29. Bxc1 Bc5 30. Bd3 Bd4 31. f4 h5 32. g3 g6 33. Ke2
Kc6 34. Bc2 Kb5 35. b3 a5 36. Bd2 b6 37. Bd3+ Kc6 38. b4 axb4 39. Bxb4 Bg1 40.
h3 Bh2 41. Kf2 h4 42. gxh4 Bxf4 43. Bc3 Kc5 44. Be2 Be4 45. h5 Kd5 46. hxg6
fxg6 47. Ba6 Bf5 48. h4 Bxe5 49. Bb7+ Kd6 50. Bb4+ Kc7 51. Bf3 Bd4+ 52. Ke2 e5
53. Bd5 Bc5 54. Bxc5 bxc5 55. Ke3 Kb6 56. Bg8 Kb5 57. Bh7 Ka4 58. h5 gxh5 59.
Bxf5 h4 60. Ke4 c4 61. Kxe5 c3 62. Kf4 h3 63. Kg3 Kxa3 64. Kxh3 Kb2 65. Kg3 c2
66. Bxc2 Kxc2 1/2-1/2

[Event "Aeroflot Open 2016 B"]
[Site "Moscu RUS"]
[Date "2016.03.06"]
[Round "6.17"]
[White "Liu, Chang"]
[Black "Schreiner, Peter"]
[Result "1/2-1/2"]
[WhiteElo "2378"]
[BlackElo "2446"]
[PlyCount "155"]
[EventDate "2016.03.01"]
[EventType "swiss"]
[EventRounds "9"]
[EventCountry "RUS"]
[Source "lmi"]
[SourceDate "2016.03.01"]

1. e4 e5 2. Nc3 Nf6 3. g3 d5 4. exd5 Nxd5 5. Bg2 Nxc3 6. bxc3 Nc6 7. Nf3 Bd6 8.
d3 O-O 9. O-O Bf5 10. Rb1 Rb8 11. Be3 Qd7 12. Re1 Bh3 13. Bxh3 Qxh3 14. d4 b6
15. dxe5 Nxe5 16. Nxe5 Bxe5 17. Bd4 Bd6 18. Qf3 Qd7 19. Rbd1 f6 20. c4 Rfe8 21.
Rxe8+ Qxe8 22. c5 Bf8 23. cxb6 axb6 24. Qc3 Qf7 25. a4 Ra8 26. Ra1 Qd7 27. Be3
Ra5 28. Kg2 h5 29. h4 Kh7 30. Kg1 Bd6 31. Qd3+ Qf5 32. Qxf5+ Rxf5 33. c4 Ra5
34. Bd2 Ra8 35. Kg2 Kg6 36. Kf3 Kf5 37. a5 Be5 38. Ra3 bxa5 39. Rxa5 Rxa5 40.
Bxa5 c6 41. Bb6 Bb2 42. Bc5 Bc1 43. Bd4 g5 44. Kg2 Ba3 45. hxg5 fxg5 46. f3 Bd6
47. Kf2 g4 48. Kg2 Bc7 49. Kf2 Ba5 50. Ke2 Bc7 51. Kf2 Ke6 52. Be3 Bb8 53. Bd4
Bd6 54. Be3 Kf5 55. Bd4 Bc7 56. Be3 Be5 57. Bb6 Bc3 58. Bc7 Bd4+ 59. Ke2 Bg1
60. Kf1 Bc5 61. Ke2 Ba7 62. Bd6 Bg1 63. Kf1 Bd4 64. Ke2 Ke6 65. Bb4 Be5 66.
fxg4 hxg4 67. Be1 Kf5 68. Kd3 Bc7 69. Bf2 Ba5 70. Ba7 Be1 71. Bb8 Bf2 72. Bc7
Bc5 73. Bb8 Bf2 74. Bc7 Bc5 75. Bb8 Ba3 76. Kd4 Be7 77. Bc7 Bf8 78. Bb8 1/2-1/2

[Event "Aeroflot Open 2016 B"]
[Site "Moscu RUS"]
[Date "2016.03.06"]
[Round "6.18"]
[White "Guo, Qi"]
[Black "Kathmale, Sameer"]
[Result "1-0"]
[WhiteElo "2435"]
[BlackElo "2216"]
[PlyCount "147"]
[EventDate "2016.03.01"]
[EventType "swiss"]
[EventRounds "9"]
[EventCountry "RUS"]
[Source "lmi"]
[SourceDate "2016.03.01"]

1. d4 Nf6 2. c4 g6 3. Nc3 Bg7 4. e4 d6 5. Nf3 O-O 6. Be2 e5 7. O-O Nc6 8. d5
Ne7 9. Ne1 Nd7 10. Nd3 f5 11. f3 b6 12. Be3 f4 13. Bf2 g5 14. b4 Ng6 15. c5 Rf7
16. Rc1 Bf8 17. cxd6 Bxd6 18. Nb5 Nf6 19. Rc6 g4 20. Qc2 g3 21. hxg3 fxg3 22.
Bxg3 Nh5 23. Bh2 Rg7 24. Nxd6 cxd6 25. f4 Nhxf4 26. Bxf4 exf4 27. Nxf4 Nxf4 28.
Rxf4 Bh3 29. Bf1 Qg5 30. Qf2 Qe5 31. Qh4 Bd7 32. Rc2 Re8 33. Rcf2 Qg5 34. Qxg5
Rxg5 35. Rf6 Rg6 36. Bd3 Rd8 37. Rxg6+ hxg6 38. Rf6 Be8 39. g4 g5 40. Kf2 Bf7
41. Ke3 Kg7 42. Rf1 Rc8 43. Kd4 Bg6 44. a4 Rc7 45. a5 bxa5 46. b5 Be8 47. Ra1
Bd7 48. Be2 Kf6 49. Rxa5 Rb7 50. Ra6 Rb6 51. Ra5 Rb7 52. Bd3 Bxg4 53. Ra6 Ke7
54. e5 dxe5+ 55. Kxe5 Bd7 56. Rf6 Kd8 57. d6 Rxb5+ 58. Bxb5 Bxb5 59. Rf8+ Kd7
60. Rf7+ Kd8 61. Rxa7 Bc4 62. Rg7 Bb3 63. Rxg5 Kd7 64. Rg7+ Kd8 65. Rb7 Bc4 66.
Kd4 Be2 67. Rf7 Bd1 68. Kc5 Bc2 69. Rf2 Be4 70. Rf8+ Kd7 71. Rf7+ Kd8 72. d7
Kc7 73. Rf4 Bc6 74. d8=Q+ 1-0

[Event "Aeroflot Open 2016 B"]
[Site "Moscu RUS"]
[Date "2016.03.06"]
[Round "6.19"]
[White "Mammadzada, Gunay"]
[Black "Li, Di"]
[Result "1/2-1/2"]
[WhiteElo "2345"]
[BlackElo "2428"]
[PlyCount "154"]
[EventDate "2016.03.01"]
[EventType "swiss"]
[EventRounds "9"]
[EventCountry "RUS"]
[Source "lmi"]
[SourceDate "2016.03.01"]

1. e4 e5 2. Nf3 Nc6 3. Bb5 a6 4. Ba4 Nf6 5. O-O Be7 6. Re1 b5 7. Bb3 O-O 8. d4
d6 9. c3 Bg4 10. Be3 exd4 11. cxd4 Na5 12. Bc2 c5 13. h3 Bxf3 14. Qxf3 cxd4 15.
Bxd4 Rc8 16. Qd1 Nd7 17. Nc3 Bf6 18. Re2 Nc4 19. Rb1 Ndb6 20. Bb3 Re8 21. a4
Bxd4 22. Qxd4 b4 23. Nd5 Nxd5 24. Bxc4 Nf4 25. Re3 Qg5 26. Rg3 Qe5 27. Qxe5
Rxe5 28. Bxa6 Ra8 29. Bb5 Rxb5 30. axb5 Ne2+ 31. Kh2 Nxg3 32. Kxg3 Rb8 33. Ra1
Kf8 34. Ra5 Ke7 35. Kf4 Ke6 36. Ke3 d5 37. Kd4 dxe4 38. Kxe4 Kd6 39. Kd4 Re8
40. Ra6+ Kc7 41. Ra7+ Kb6 42. Rxf7 Re2 43. b3 Kxb5 44. Rb7+ Ka5 45. Rxg7 Rxf2
46. Rxh7 Rd2+ 47. Kc4 Rc2+ 48. Kd5 Rc3 49. Rh5 Kb5 50. Kd4+ Kc6 51. g4 Rxb3 52.
Kc4 Rb1 53. Rh7 b3 54. Kc3 Kd6 55. h4 Rg1 56. Rg7 Rg3+ 57. Kb2 Rh3 58. h5 Ke6
59. Rb7 Rg3 60. Rb6+ Kf7 61. Rg6 Rh3 62. Rg5 Kf6 63. Rf5+ Kg7 64. Rb5 Kf6 65.
Rxb3 Rh2+ 66. Kc3 Kg5 67. Rb4 Rh3+ 68. Kd2 Rf3 69. Ke2 Rf8 70. Re4 Rf7 71. Kd3
Rd7+ 72. Kc4 Rf7 73. Kd5 Rf1 74. Ke6 Rf2 75. Ke7 Rf1 76. Re6 Kxg4 77. h6 Kg5
1/2-1/2

[Event "Aeroflot Open 2016 B"]
[Site "Moscu RUS"]
[Date "2016.03.06"]
[Round "6.20"]
[White "Vaishali, R."]
[Black "Sagar, Shah"]
[Result "0-1"]
[WhiteElo "2337"]
[BlackElo "2425"]
[PlyCount "120"]
[EventDate "2016.03.01"]
[EventType "swiss"]
[EventRounds "9"]
[EventCountry "RUS"]
[Source "lmi"]
[SourceDate "2016.03.01"]

1. e4 c6 2. d4 d5 3. e5 Bf5 4. Nf3 e6 5. Be2 Nd7 6. O-O Bg6 7. Nbd2 Nh6 8. Nb3
Nf5 9. a4 Be7 10. a5 O-O 11. c4 dxc4 12. Bxc4 b5 13. axb6 axb6 14. Rxa8 Qxa8
15. Bg5 Qa4 16. Bxe7 Nxe7 17. Nfd2 Nd5 18. Qe2 b5 19. Bxd5 cxd5 20. Ra1 Qb4 21.
Ra5 Rb8 22. Qd1 Nb6 23. Qa1 h6 24. Qa3 Qxa3 25. Rxa3 Na4 26. Ra2 Rc8 27. f3 Rc2
28. Kf2 Kh7 29. Ke3 Nxb2 30. Ra8 Rc3+ 31. Kf4 Bc2 32. Nc5 Nd3+ 33. Kg3 Nxc5 34.
dxc5 Rxc5 35. Rb8 Kg6 36. f4 Be4 37. Kf2 Bc2 38. Nf3 Be4 39. Nd4 Rc4 40. Ke3
Rc3+ 41. Kf2 Rd3 42. Ne2 Rb3 43. h4 Rb2 44. Ke3 Bxg2 45. Nd4 Be4 46. Rb7 h5 47.
Nc6 Rb3+ 48. Ke2 d4 49. Ne7+ Kh7 50. Rd7 Rb2+ 51. Ke1 d3 52. Nc8 Rh2 53. Rd4
Bg6 54. Nd6 Rxh4 55. Nxb5 Bf5 56. Nd6 Bg6 57. Kf2 Rh2+ 58. Kg3 Rc2 59. Kh4 Rc5
60. Nc4 Rd5 0-1

[Event "Aeroflot Open 2016 B"]
[Site "Moscu RUS"]
[Date "2016.03.06"]
[Round "6.21"]
[White "Zhang, Ziji"]
[Black "Pavlovic, Milos"]
[Result "1/2-1/2"]
[WhiteElo "2283"]
[BlackElo "2494"]
[PlyCount "67"]
[EventDate "2016.03.01"]
[EventType "swiss"]
[EventRounds "9"]
[EventCountry "RUS"]
[Source "lmi"]
[SourceDate "2016.03.01"]

1. d4 Nf6 2. c4 g6 3. Nc3 Bg7 4. Nf3 O-O 5. g3 d6 6. Bg2 Nbd7 7. O-O e5 8. e4
exd4 9. Nxd4 Re8 10. h3 Nc5 11. Re1 h6 12. Nb3 Be6 13. e5 Nfd7 14. exd6 cxd6
15. Qxd6 Qb6 16. Bf4 Bxc4 17. Rxe8+ Rxe8 18. Qxb6 axb6 19. Nxc5 Nxc5 20. Be3
Nd3 21. Rb1 b5 22. b3 Bxc3 23. bxc4 bxc4 24. Rxb7 Rd8 25. Rc7 Nb2 26. Bf1 Bd4
27. Bxd4 Rxd4 28. a4 Rd1 29. Kg2 Nd3 30. Be2 Rd2 31. Kf1 Rc2 32. a5 Rc1+ 33.
Kg2 Rc2 34. Bxd3 1/2-1/2

[Event "Aeroflot Open 2016 B"]
[Site "Moscu RUS"]
[Date "2016.03.06"]
[Round "6.22"]
[White "Kotanjian, Tigran"]
[Black "Torosyan, Norayr"]
[Result "1-0"]
[WhiteElo "2487"]
[BlackElo "2378"]
[PlyCount "117"]
[EventDate "2016.03.01"]
[EventType "swiss"]
[EventRounds "9"]
[EventCountry "RUS"]
[Source "lmi"]
[SourceDate "2016.03.01"]

1. d4 Nf6 2. c4 g6 3. Nc3 Bg7 4. e4 d6 5. Nf3 O-O 6. Be2 e5 7. O-O Nc6 8. d5
Ne7 9. b4 Nh5 10. Re1 f5 11. Ng5 Nf6 12. Bf3 Rb8 13. Qb3 b6 14. Qa3 h6 15. Ne6
Bxe6 16. dxe6 Qc8 17. Nd5 Qxe6 18. Qxa7 Nexd5 19. cxd5 Qf7 20. exf5 gxf5 21.
Bb2 c5 22. Qa3 Nd7 23. Qb3 cxb4 24. Qxb4 Nc5 25. Be2 Kh8 26. Rad1 e4 27. Bf1
Bxb2 28. Qxb2+ Qf6 29. Rd4 Ra8 30. Rb4 Qxb2 31. Rxb2 Rfb8 32. Reb1 Na4 33. Rb3
Kg7 34. f4 Nc5 35. Rg3+ Kf6 36. Rb2 Ra4 37. h4 Rd4 38. h5 Rxd5 39. Rg6+ Ke7 40.
Kf2 Nd3+ 41. Bxd3 Rxd3 42. Rxh6 Rc3 43. Rg6 Rc6 44. Kg3 Kf7 45. Kh4 e3 46. Re2
Re8 47. Kg5 b5 48. Kxf5 Rc5+ 49. Kg4 d5 50. Rd6 Rg8+ 51. Kf3 Ke7 52. Rb6 d4 53.
h6 Rd8 54. h7 Rh5 55. Rb7+ Kf6 56. Rc2 Rd6 57. Rc8 d3 58. h8=Q+ Rxh8 59. Rxh8
1-0

[Event "Aeroflot Open 2016 B"]
[Site "Moscu RUS"]
[Date "2016.03.06"]
[Round "6.23"]
[White "Petrosyan, Manuel"]
[Black "Slavin, Alexey"]
[Result "1-0"]
[WhiteElo "2484"]
[BlackElo "2384"]
[PlyCount "87"]
[EventDate "2016.03.01"]
[EventType "swiss"]
[EventRounds "9"]
[EventCountry "RUS"]
[Source "lmi"]
[SourceDate "2016.03.01"]

1. c4 e5 2. g3 Nf6 3. Bg2 d5 4. cxd5 Nxd5 5. Nc3 Nb6 6. d3 Be7 7. Be3 O-O 8.
Rc1 Re8 9. a3 Bf8 10. Qc2 a6 11. Nf3 Nc6 12. O-O Nd4 13. Bxd4 exd4 14. Ne4 c6
15. Rfe1 a5 16. Nc5 a4 17. Qd2 h6 18. Rc2 Nd7 19. Nxd7 Qxd7 20. Qf4 c5 21. Nd2
Ra6 22. Ne4 b6 23. Nd2 Bb7 24. Bxb7 Qxb7 25. Ne4 Qd5 26. Qf3 Re5 27. Qg2 Qd7
28. f4 Re8 29. g4 f5 30. gxf5 Qxf5 31. Rf1 b5 32. Ng3 Qf7 33. f5 Kh8 34. Ne4 c4
35. Kh1 Be7 36. Nd2 cxd3 37. exd3 Bg5 38. Ne4 Be3 39. Qg3 Kh7 40. Nd6 Qd5+ 41.
Rg2 Re7 42. f6 Qxd6 43. Qg6+ Kg8 44. f7+ 1-0

[Event "Aeroflot Open 2016 B"]
[Site "Moscu RUS"]
[Date "2016.03.06"]
[Round "6.24"]
[White "Strelnikov, Sergey"]
[Black "Venkatesh, M.R."]
[Result "1/2-1/2"]
[WhiteElo "2349"]
[BlackElo "2443"]
[PlyCount "71"]
[EventDate "2016.03.01"]
[EventType "swiss"]
[EventRounds "9"]
[EventCountry "RUS"]
[Source "lmi"]
[SourceDate "2016.03.01"]

1. Nf3 Nf6 2. c4 g6 3. Nc3 Bg7 4. e4 d6 5. d4 O-O 6. Be2 Na6 7. O-O e5 8. Be3
c6 9. d5 c5 10. Ne1 Ne8 11. Nd3 f5 12. f4 Nb4 13. exf5 Nxd3 14. Bxd3 gxf5 15.
fxe5 Bxe5 16. Bf4 Qf6 17. Rc1 Bd7 18. Kh1 Ng7 19. Qd2 Rae8 20. Bg5 Qg6 21. Rf3
Bf6 22. Bxf6 Rxf6 23. Ne2 Qh6 24. Nf4 Nh5 25. Rcf1 Nxf4 26. Rxf4 Ref8 27. Qa5
Qg7 28. Qd2 R6f7 29. R1f3 Qe5 30. Rf2 Re7 31. g3 a6 32. Kg2 b5 33. Re2 Qg7 34.
b3 Rxe2+ 35. Bxe2 b4 36. Bd3 1/2-1/2

[Event "Aeroflot Open 2016 B"]
[Site "Moscu RUS"]
[Date "2016.03.06"]
[Round "6.25"]
[White "Tunik, Gennady"]
[Black "Kanter, Eduard"]
[Result "1/2-1/2"]
[WhiteElo "2426"]
[BlackElo "2353"]
[PlyCount "98"]
[EventDate "2016.03.01"]
[EventType "swiss"]
[EventRounds "9"]
[EventCountry "RUS"]
[Source "lmi"]
[SourceDate "2016.03.01"]

1. d4 Nf6 2. c4 e6 3. Nf3 Bb4+ 4. Bd2 Qe7 5. g3 Bxd2+ 6. Qxd2 Nc6 7. Nc3 d5 8.
cxd5 exd5 9. Bg2 O-O 10. O-O Re8 11. e3 Bf5 12. Rfc1 a6 13. Qd1 Na7 14. Nh4 Be6
15. Na4 Nb5 16. Qc2 c6 17. Nc5 Nd6 18. Nxe6 Qxe6 19. Nf3 Nfe4 20. Ne5 g6 21.
Nd3 Kg7 22. Re1 h5 23. f3 Ng5 24. h4 Nh7 25. Nf4 Qf6 26. Rad1 Nf5 27. Qf2 Rad8
28. Kh2 Qd6 29. Bh3 Nh6 30. Qc2 Nf6 31. Nd3 Nd7 32. Qc3 Qf6 33. Kg2 g5 34. hxg5
Qxg5 35. Kf2 Nf8 36. Nf4 Ng6 37. Qd3 Rd6 38. Rh1 Nxf4 39. exf4 Qg6 40. Qxg6+
fxg6 41. Rhe1 Rdd8 42. g4 hxg4 43. fxg4 g5 44. Kg3 Nf7 45. Bg2 Kf6 46. Bf3 Rh8
47. f5 Rde8 48. b4 Nd6 49. a4 Rxe1 1/2-1/2

[Event "Aeroflot Open 2016 B"]
[Site "Moscu RUS"]
[Date "2016.03.06"]
[Round "6.26"]
[White "Oganian, Miran"]
[Black "Musaev, Rasul"]
[Result "1-0"]
[WhiteElo "2422"]
[BlackElo "2297"]
[PlyCount "51"]
[EventDate "2016.03.01"]
[EventType "swiss"]
[EventRounds "9"]
[EventCountry "RUS"]
[Source "lmi"]
[SourceDate "2016.03.01"]

1. d4 g6 2. c4 Bg7 3. Nc3 c5 4. d5 Bxc3+ 5. bxc3 Qa5 6. e4 d6 7. Qc2 Nf6 8. Bd3
e5 9. f4 Nh5 10. fxe5 dxe5 11. Nf3 f6 12. O-O Bd7 13. a4 Na6 14. Be3 Qc7 15.
Nd2 g5 16. Qd1 Nf4 17. g3 Nh3+ 18. Kh1 Qd6 19. Qh5+ Ke7 20. Rf5 Bxf5 21. exf5
g4 22. Ne4 Qd7 23. Qxg4 Ng5 24. Bxg5 fxg5 25. Qxg5+ Kf7 26. Qf6+ 1-0

[Event "Aeroflot Open 2016 B"]
[Site "Moscu RUS"]
[Date "2016.03.06"]
[Round "6.27"]
[White "Balashov, Yuri S"]
[Black "Praggnanandhaa, R."]
[Result "1/2-1/2"]
[WhiteElo "2408"]
[BlackElo "2339"]
[PlyCount "53"]
[EventDate "2016.03.01"]
[EventType "swiss"]
[EventRounds "9"]
[EventCountry "RUS"]
[Source "lmi"]
[SourceDate "2016.03.01"]

1. c4 Nf6 2. Nf3 g6 3. Nc3 d5 4. cxd5 Nxd5 5. Qb3 Nb6 6. d4 Bg7 7. Bf4 O-O 8.
e3 Be6 9. Qc2 N8d7 10. Rd1 c6 11. Be2 Nd5 12. Nxd5 cxd5 13. O-O Nb6 14. Ne5 Nd7
15. Nd3 Rc8 16. Qb3 Qb6 17. Qxb6 axb6 18. Rc1 Ra8 19. Nb4 Rfc8 20. b3 Bf8 21.
Bc7 Nf6 22. Bxb6 Bf5 23. a4 Nd7 24. Bc7 e6 25. Nd3 Bxd3 26. Bxd3 Nc5 27. dxc5
1/2-1/2

[Event "Aeroflot Open 2016 B"]
[Site "Moscu RUS"]
[Date "2016.03.06"]
[Round "6.28"]
[White "Mirzoyan, David"]
[Black "Ziaziulkina, Nastassia"]
[Result "1/2-1/2"]
[WhiteElo "2241"]
[BlackElo "2401"]
[PlyCount "49"]
[EventDate "2016.03.01"]
[EventType "swiss"]
[EventRounds "9"]
[EventCountry "RUS"]
[Source "lmi"]
[SourceDate "2016.03.01"]

1. Nf3 d5 2. b3 Bg4 3. e3 e6 4. Bb2 h6 5. d4 Nf6 6. Bd3 Ne4 7. Be2 Nd7 8. Nfd2
Bf5 9. O-O Bd6 10. f4 O-O 11. Nxe4 Bxe4 12. c4 c6 13. Nc3 Nf6 14. Bf3 Bg6 15.
Kh1 Bb4 16. Ne2 Ne4 17. a3 Ba5 18. Bxe4 Bxe4 19. b4 Bc7 20. Nc3 Bf5 21. Qe2 Qf6
22. Rad1 Qg6 23. Rd2 Bg4 24. Qf2 Bf5 25. Qe2 1/2-1/2

[Event "Aeroflot Open 2016 B"]
[Site "Moscu RUS"]
[Date "2016.03.06"]
[Round "6.29"]
[White "Tologontegin, Semetey"]
[Black "Nikolenko, Oleg"]
[Result "0-1"]
[WhiteElo "2370"]
[BlackElo "2511"]
[PlyCount "130"]
[EventDate "2016.03.01"]
[EventType "swiss"]
[EventRounds "9"]
[EventCountry "RUS"]
[Source "lmi"]
[SourceDate "2016.03.01"]

1. d4 Nf6 2. Bf4 g6 3. Nf3 Bg7 4. e3 O-O 5. h3 c5 6. c3 d6 7. dxc5 dxc5 8. Qxd8
Rxd8 9. Nbd2 Nc6 10. Bc7 Rd7 11. Bh2 b6 12. Bb5 Bb7 13. Nc4 Rad8 14. Bxc6 Bxc6
15. Nfe5 Bxg2 16. Rg1 Bxh3 17. Nxd7 Nxd7 18. Rd1 Rc8 19. a4 Kf8 20. f3 Ke8 21.
e4 Be6 22. Ne3 Bb3 23. Ra1 e6 24. Ke2 c4 25. Nf1 a5 26. Bf4 Nc5 27. Nd2 Bxa4
28. Be3 Bc2 29. Bd4 e5 30. Be3 h5 31. Rgc1 Bd3+ 32. Kf2 Rc6 33. Rh1 Bf8 34. Kg3
Ne6 35. Rhc1 Bc5 36. Bxc5 Nxc5 37. Rh1 a4 38. Kf2 b5 39. Ke3 Rd6 40. Rac1 Ne6
41. Rhd1 Nf4 42. Nb1 h4 43. Na3 Rb6 44. Rh1 g5 45. Nc2 Ne2 46. Ra1 Ng3 47. Rhc1
Bxc2 48. Rxc2 Rd6 49. Rg1 Rd3+ 50. Kf2 Ke7 51. Rxg3 hxg3+ 52. Kxg3 Ke6 53. Kg4
f6 54. Rf2 Rd1 55. Kh5 Kf7 56. Kg4 Kg6 57. Rg2 Rd7 58. Rh2 Rd8 59. Rf2 Rd1 60.
Rg2 Rc1 61. Rd2 a3 62. bxa3 Rxc3 63. Ra2 Rb3 64. a4 b4 65. a5 Ra3 0-1